Multivariate Analysemethoden <Eine> anwendungsorientierte Einführung
Na minha lista:
| Formato: | Livro |
|---|---|
| Idioma: | alemão |
| Publicado em: |
Berlin
Springer
1987
|
| Edição: | 4. neu bearb. und erweit. Aufl. |
| Tags: |
Sem tags, seja o primeiro a adicionar uma tag!
|
MARC
| LEADER | 00000nam a2200000 4500 | ||
|---|---|---|---|
| 001 | c036775 | ||
| 005 | 20221219111200.2 | ||
| 041 | 0 | |a ger | |
| 044 | |a DE | ||
| 245 | 1 | 0 | |a Multivariate Analysemethoden |b <Eine> anwendungsorientierte Einführung |
| 250 | |a 4. neu bearb. und erweit. Aufl. | ||
| 264 | 1 | |a Berlin |b Springer |c 1987 | |
| 300 | |a 404 s. | ||